| 000 | 01066cam a22003017a 4500 | ||
|---|---|---|---|
| 005 | 20150922102726.0 | ||
| 008 | 000225s2000 enkab 000 0 eng d | ||
| 020 | _a0120958317 | ||
| 040 |
_aUKM _cUKM _dEYM _dDLC _dCO-BoIAVH |
||
| 041 | 0 | _aeng | |
| 042 | _alccopycat | ||
| 044 | _axxk | ||
| 082 | 0 | 4 |
_a598.0723 _bB58b |
| 245 | 0 | 0 |
_aBird census techniques / _cColin J. Bibby ... [et al.] ; illustrated by Sandra Lambton, RSPB and Simon Mustoe. |
| 250 | _a2nd ed. | ||
| 260 |
_aLondon ; _aSan Diego : _bAcademic, _c2000. |
||
| 300 |
_axvi, 302 páginas : _bilustraciones, mapas ; _c25 cm. |
||
| 500 | _aIncluye apéndices. Edición previa.: 1992. | ||
| 504 | _aIncluye referencias bibliográficas (páginas 279-295) e índices. | ||
| 650 | 0 |
_aAves _xConteo. |
|
| 650 | 0 |
_aPoblaciones de aves _xEstimadps _zGran Bretaña. |
|
| 650 | 0 |
_aAves _xInvestigación. |
|
| 700 | 1 |
_aBibby, C. J. _q(Colin J.) |
|
| 700 | 1 | _aBurgess, Neil D. | |
| 700 | 1 | _aHill, David A. | |
| 700 | 1 | _aMustoe, Simon | |
| 942 |
_2ddc _cLIBRO |
||
| 999 |
_c5001 _d5001 |
||